| 000 | 01326nam a22002657a 4500 | ||
|---|---|---|---|
| 003 | OSt | ||
| 005 | 20251217134230.0 | ||
| 008 | 251217s2014 ag ||||| |||| 00| 0 spa d | ||
| 020 | _a9789877310405 | ||
| 040 |
_bspa _cBesoc |
||
| 245 | 0 | 0 |
_aLengua y literatura 1/2 / _cCecilia Serpa ... [et al.] |
| 250 | _a1a ed. | ||
| 260 |
_aBuenos Aires : _bsm, _c2014 |
||
| 300 | _a272 p. | ||
| 490 | _aProyecto nodos : Guía del docente | ||
| 500 | _aLa edición incluye libro de selección literaria y ensayística: "Mientras caminamos" | ||
| 505 | _aLos textos literarios -- La literatura y los ámbitos de estudio literario y del lenguaje -- Perspectiva de lector -- El cuento de suspenso -- El cuento de humor -- El teatro -- El cuento de terror -- La poesía -- El guión cinematográfico -- La novela histórica -- Los textos del mundo -- La participación ciudadana --Lengua y ortografía -- El uso de la reflexión sobre el lenguaje -- Temas de ortografía -- Paradigma verbal -- Bibliografía. | ||
| 650 |
_aEnseñanza de la lengua _xEnseñanza de la literatura _xEducación secundaria _vLibros de texto |
||
| 700 | 1 |
_aVitali, Noelia Nair _eautor |
|
| 700 | 1 |
_aSerpa, Cecilia _eautor |
|
| 700 | 1 |
_aCalcagno, Mariana _eautor |
|
| 700 | 1 |
_aCordobés, Andrea _eautor |
|
| 700 | 1 |
_aBaronzini, Andrea _eautor |
|
| 942 |
_2udc _cLPD _n0 |
||
| 999 |
_c855 _d855 |
||